[Event "Novi Sad (ol)"]
[Site "?"]
[Date "1990.??.??"]
[Round "?"]
[White "Wang, Zili"]
[Black "Yusupov, A."]
[Result "0-1"]
[WhiteElo "2520"]
[BlackElo "2605"]
[PlyCount "72"]
[EventDate "1990.??.??"]
[Source "ChessBase"]
[SourceDate "1990.07.01"]

1. e4 e5 2. Nf3 Nc6 3. Bb5 a6 4. Ba4 Nf6 5. O-O Nxe4 6. d4 b5 7. Bb3 d5 8. dxe5 Be6 9. Nbd2 Nc5 10. c3 Be7 11. Bc2 Bg4 12. Re1 O-O 13. Nf1 Re8 14. Ne3 Nxe5 15. Bxh7+ Kxh7 16. Qc2+ Kg8 17. Nxe5 Be6 18. Nc6 Qd6 19. Nxe7+ Rxe7 20. b3 Nd7 21. Bb2 Rae8 22. Rad1 c5 23. f3 Ne5 24. Qf2 c4 25. Qg3 f6 26. Rd4 Qc5 27. bxc4 dxc4 28. Nc2 a5 29. Ba3 b4 30. cxb4 Qa7 31. b5 Rd7 32. Ree4 Bf5 33. Qf2 Bxe4 34. Rxd7 Qxd7 35. fxe4 Qd1+ 36. Ne1 Nd3 0-1

[Event "Romania 75/314"]
[Site "?"]
[Date "1999.??.??"]
[Round "?"]
[White "Nisipeanu, Liviu Dieter"]
[Black "Marin, Mihail"]
[Result "0-1"]
[WhiteElo "2594"]
[BlackElo "2527"]
[PlyCount "72"]
[EventDate "1999.??.??"]
[Source "ChessBase"]
[SourceDate "1999.02.01"]

1. e4 e5 2. Nf3 Nc6 3. Bb5 a6 4. Ba4 Nf6 5. O-O Nxe4 6. d4 b5 7. Bb3 d5 8. dxe5 Be6 9. Nbd2 Nc5 10. c3 Be7 11. Bc2 Bg4 12. Re1 Qd7 13. Nf1 Rd8 14. Ne3 Bh5 15. Bf5 Ne6 16. g4 Bg6 17. Qc2 O-O 18. Rd1 d4 19. cxd4 Ncxd4 20. Nxd4 Nxd4 21. Qe4 c5 22. b3 Bg5 23. Ba3 b4 24. Bxb4 Qb5 25. Be1 Qe2 26. Kg2 Bxf5 27. gxf5 Bxe3 28. Qxe3 Qg4+ 29. Qg3 Qxf5 30. Bd2 Rfe8 31. Bg5 Rd5 32. Bf6 Qe4+ 33. Kh3 Nf5 34. Qg4 Qxg4+ 35. Kxg4 Nd4 36. Bg5 Rexe5 0-1

[Event "Siembra Villa Ballester op"]
[Site "Villa Ballester"]
[Date "1996.??.??"]
[Round "9"]
[White "Ricardi, Pablo"]
[Black "Sorokin, Maxim"]
[Result "0-1"]
[WhiteElo "2555"]
[BlackElo "2560"]
[PlyCount "76"]
[EventDate "1996.??.??"]
[Source "ChessBase"]

1. e4 e5 2. Nf3 Nc6 3. Bb5 a6 4. Ba4 Nf6 5. O-O Nxe4 6. d4 b5 7. Bb3 d5 8. dxe5 Be6 9. Nbd2 Nc5 10. c3 Bg4 11. h3 Bh5 12. Bc2 Qd7 13. Re1 Rd8 14. Nf1 Be7 15. Ng3 Bg6 16. Nd4 Nxd4 17. cxd4 Ne6 18. Nf5 c5 19. Be3 O-O 20. dxc5 Nxc5 21. Qg4 d4 22. Nxe7+ Qxe7 23. Bg5 Qb7 24. Bxg6 hxg6 25. Bxd8 Rxd8 26. Rad1 Qd5 27. b3 a5 28. Rd2 b4 29. Qh4 d3 30. Re3 Re8 31. Qf4 Re6 32. Kh2 g5 33. Qxg5 Rg6 34. Qxg6 fxg6 35. e6 Kf8 36. e7+ Ke8 37. Rd1 Qd4 38. Kg1 Qb2 0-1

[Event "RUS-ch51"]
[Site "St Petersburg"]
[Date "1998.07.30"]
[Round "3"]
[White "Yemelin, Vasily"]
[Black "Korneev, Oleg"]
[Result "1/2-1/2"]
[WhiteElo "2510"]
[BlackElo "2600"]
[PlyCount "100"]
[EventDate "1998.07.28"]
[Source "ChessBase"]
[SourceDate "1998.11.30"]

1. e4 e5 2. Nf3 Nc6 3. Bb5 a6 4. Ba4 Nf6 5. O-O Nxe4 6. d4 b5 7. Bb3 d5 8. dxe5 Be6 9. c3 Be7 10. Nbd2 Nc5 11. Bc2 Bg4 12. Re1 O-O 13. Nf1 Re8 14. b4 Ne4 15. Ng3 Nxe5 16. Nxe4 Bxf3 17. gxf3 dxe4 18. fxe4 Bf6 19. Bf4 Ng6 20. Qxd8 Raxd8 21. Bxc7 Rc8 22. e5 Nxe5 23. Bxe5 Rxe5 24. Rxe5 Bxe5 25. Bb3 g6 26. Rc1 Bxc3 27. a4 Kg7 28. axb5 axb5 29. Kg2 Rc7 30. Bd1 Kf6 31. Be2 Re7 32. Bxb5 Bxb4 33. Rc4 Ba5 34. h3 Re5 35. Bc6 h5 36. Rf4+ Kg7 37. Rd4 Rg5+ 38. Kf3 Bb6 39. Rd5 Rg1 40. Rb5 Bd4 41. Rd5 Bc3 42. Rd7 Rg5 43. Rd5 f5 44. Ke2 Kf6 45. Rd6+ Ke7 46. Rd7+ Ke6 47. Rd3 Be5 48. Rd1 h4 49. Bd5+ Kf6 50. Bf3 Bh2 1/2-1/2

[Event "Thessaloniki (ol)"]
[Site "?"]
[Date "1988.??.??"]
[Round "?"]
[White "Anand, V."]
[Black "Torre, E."]
[Result "1/2-1/2"]
[WhiteElo "2555"]
[BlackElo "2555"]
[PlyCount "76"]
[EventDate "1988.??.??"]
[Source "ChessBase"]
[SourceDate "1988.07.01"]

1. e4 e5 2. Nf3 Nc6 3. Bb5 a6 4. Ba4 Nf6 5. O-O Nxe4 6. d4 b5 7. Bb3 d5 8. dxe5 Be6 9. Nbd2 Nc5 10. c3 Be7 11. Bc2 Bg4 12. Re1 Bh5 13. Nf1 O-O 14. Ng3 Bg6 15. Be3 Qd7 16. h4 Rad8 17. h5 Bxc2 18. Qxc2 Ne6 19. Rad1 f6 20. exf6 Bxf6 21. h6 g6 22. Ne4 Qf7 23. Neg5 Nxg5 24. Nxg5 Bxg5 25. Bxg5 Rd7 26. Qe2 d4 27. Qe6 Rd6 28. Qxf7+ Rxf7 29. cxd4 Nxd4 30. Re8+ Rf8 31. Rde1 Rd7 32. R1e7 Rxe7 33. Rxe7 Rf7 34. Re4 Nf5 35. Re6 Nd6 36. Be7 Nf5 37. Bc5 Rd7 38. Rxa6 Nxh6 1/2-1/2

[Event "Asti op"]
[Site "Asti"]
[Date "1997.??.??"]
[Round "?"]
[White "Luther, Thomas"]
[Black "Korneev, Oleg"]
[Result "1/2-1/2"]
[WhiteElo "2520"]
[BlackElo "2590"]
[PlyCount "51"]
[EventDate "1997.??.??"]
[Source "www.chesslib.no"]
[SourceDate "2004.05.04"]

1. e4 e5 2. Nf3 Nc6 3. Bb5 a6 4. Ba4 Nf6 5. O-O Nxe4 6. d4 b5 7. Bb3 d5 8. dxe5 Be6 9. Nbd2 Nc5 10. c3 Be7 11. Bc2 Bg4 12. Re1 O-O 13. Nb3 Re8 14. Nxc5 Bxc5 15. Qd3 g6 16. Bf4 Qd7 17. Bb3 Rad8 18. Rad1 Qc8 19. h3 Bf5 20. Qd2 Na5 21. Bg5 Rd7 22. Bf6 Nc4 23. Qh6 Bf8 24. Qh4 c5 25. Re2 Bg7 26. Bxg7 1/2-1/2

[Event "II Torneo de las Américas"]
[Site "Buenos Aires"]
[Date "2003.08.21"]
[Round "4"]
[White "Vescovi, Giovanni Portilho"]
[Black "Sagalchik, Gennadij"]
[Result "1-0"]
[WhiteElo "2618"]
[BlackElo "2491"]
[PlyCount "47"]
[EventDate "2003.08.17"]
[Source "Roberto Alvarez"]
[SourceDate "2003.09.01"]

1. e4 e5 2. Nf3 Nc6 3. Bb5 a6 4. Ba4 Nf6 5. O-O Nxe4 6. d4 b5 7. Bb3 d5 8. dxe5 Be6 9. Nbd2 Nc5 10. c3 Bg4 11. Bc2 Be7 12. Re1 O-O 13. Nb3 Ne4 14. Bf4 f6 15. exf6 Nxf6 16. Qd3 Ne4 17. Bxc7 Qd7 18. Ne5 Nxe5 19. Bxe5 Bh4 20. Bg3 Bxg3 21. hxg3 Rxf2 22. Rxe4 Bf5 23. Kxf2 Bxe4 24. Qd2 1-0

[Event "Muensterland op 19th"]
[Site "Senden"]
[Date "2002.10.18"]
[Round "9"]
[White "Zapata, Alonso"]
[Black "Korneev, Oleg"]
[Result "0-1"]
[WhiteElo "2556"]
[BlackElo "2551"]
[PlyCount "106"]
[EventDate "2002.10.12"]
[Source "ChessBase"]
[SourceDate "2002.11.06"]

1. e4 e5 2. Nf3 Nc6 3. Bb5 a6 4. Ba4 Nf6 5. O-O Nxe4 6. d4 b5 7. Bb3 d5 8. dxe5 Be6 9. Nbd2 Nc5 10. c3 Be7 11. Bc2 Bg4 12. Re1 O-O 13. Nb3 Ne6 14. Qd3 g6 15. Bh6 Re8 16. Nfd4 Ncxd4 17. cxd4 Bf5 18. Qd1 Bxc2 19. Qxc2 a5 20. Qd3 a4 21. Nd2 a3 22. b3 c5 23. dxc5 Bxc5 24. Nf3 Qb6 25. Re2 Rad8 26. Rd1 Bf8 27. Qd2 Be7 28. h4 d4 29. Re4 Qc6 30. Rg4 d3 31. h5 Qc2 32. b4 Rd5 33. Rc1 Qb2 34. Rc6 Red8 35. Be3 Kf8 36. g3 Qxd2 37. Bxd2 gxh5 38. Re4 Nd4 39. Nxd4 Rxd4 40. Rf4 Bxb4 41. Bxb4+ Rxb4 42. Rxb4 d2 43. Rb1 d1=Q+ 44. Rxd1 Rxd1+ 45. Kg2 b4 46. Rc2 Ke7 47. Kf3 Re1 48. Kf4 Ke6 49. f3 Rxe5 50. Rc4 b3 51. axb3 Ra5 52. Rc1 Kd5 53. Ke3 a2 0-1

[Event "San Sebastian 75/315"]
[Site "?"]
[Date "1999.??.??"]
[Round "?"]
[White "Spraggett, Kevin"]
[Black "Korneev, Oleg"]
[Result "1/2-1/2"]
[WhiteElo "2523"]
[BlackElo "2583"]
[PlyCount "125"]
[EventDate "1999.??.??"]
[Source "ChessBase"]
[SourceDate "1999.02.01"]

1. e4 e5 2. Nf3 Nc6 3. Bb5 a6 4. Ba4 Nf6 5. O-O Nxe4 6. d4 b5 7. Bb3 d5 8. dxe5 Be6 9. c3 Be7 10. Nbd2 Nc5 11. Bc2 Bg4 12. Re1 O-O 13. Nf1 Re8 14. h3 Bh5 15. Ng3 Bg6 16. Nf5 Bf8 17. Bf4 Qd7 18. N3h4 Na4 19. Rb1 Nb6 20. Qg4 Qe6 21. Qg3 Nc4 22. Kh1 Kh8 23. Nxg6+ fxg6 24. Nh4 Be7 25. Bg5 Rf8 26. Bxe7 Nxe7 27. Nf3 Rxf3 28. Qxf3 Nd2 29. Qe3 Nxb1 30. Bxb1 Rd8 31. Qc5 Rd7 32. Kg1 h6 33. h4 Kg8 34. g3 Nc6 35. Kg2 Ne7 36. Bc2 Qb6 37. Qxb6 cxb6 38. a4 bxa4 39. Bxa4 Rc7 40. Bc2 Kf7 41. Bd3 b5 42. f4 h5 43. Kf3 Rc6 44. g4 hxg4+ 45. Kxg4 Rb6 46. Kg5 Rc6 47. h5 gxh5 48. f5 Kf8 49. Be2 b4 50. Bxh5 bxc3 51. bxc3 Rxc3 52. Rb1 d4 53. Bg4 Rc5 54. Rb8+ Rc8 55. Rb7 Rd8 56. f6 gxf6+ 57. exf6 Rd5+ 58. Kh6 Rd6 59. Kg5 Rd5+ 60. Kf4 Ng6+ 61. Ke4 Re5+ 62. Kxd4 Rb5 63. Rxb5 1/2-1/2

[Event "Villa Gesell"]
[Site "Villa Gesell"]
[Date "1996.??.??"]
[Round "6"]
[White "Zarnicki, Pablo"]
[Black "Sorokin, Maxim"]
[Result "0-1"]
[WhiteElo "2545"]
[BlackElo "2560"]
[PlyCount "88"]
[EventDate "1996.03.??"]
[Source "ChessBase"]

1. e4 e5 2. Nf3 Nc6 3. Bb5 a6 4. Ba4 Nf6 5. O-O Nxe4 6. d4 b5 7. Bb3 d5 8. dxe5 Be6 9. Nbd2 Nc5 10. c3 Bg4 11. Bc2 Be7 12. Re1 Qd7 13. h3 Bh5 14. Nb3 Ne6 15. Bf5 Ncd8 16. Be3 a5 17. Nc5 Bxc5 18. Bxc5 Bg6 19. Bg4 h5 20. Bxe6 Nxe6 21. Be3 c5 22. Nh4 d4 23. Nxg6 fxg6 24. cxd4 cxd4 25. Qf3 Rc8 26. Bd2 Qf7 27. Qa3 Rc2 28. Qd3 Rxb2 29. f3 Qf5 30. Qxf5 gxf5 31. Bxa5 Nf4 32. e6 Rh6 33. Bc7 Ne2+ 34. Kf1 Rxe6 35. Rab1 Rxb1 36. Rxb1 Kd7 37. Ba5 Kc6 38. a4 bxa4 39. Rb6+ Kd5 40. Rxe6 Ng3+ 41. Ke1 Kxe6 42. Kd2 Kd5 43. Kd3 a3 44. Bb6 Ne2 0-1

[Event "Yerevan (ol)"]
[Site "?"]
[Date "1996.??.??"]
[Round "?"]
[White "Ye, Jiangchuan"]
[Black "Hjartarson, J."]
[Result "0-1"]
[WhiteElo "2540"]
[BlackElo "2565"]
[PlyCount "74"]
[EventDate "1996.??.??"]
[Source "ChessBase"]
[SourceDate "1996.06.01"]

1. e4 e5 2. Nf3 Nc6 3. Bb5 a6 4. Ba4 Nf6 5. O-O Nxe4 6. d4 b5 7. Bb3 d5 8. dxe5 Be6 9. Nbd2 Nc5 10. c3 Bg4 11. Bc2 Qd7 12. Re1 Rd8 13. Nf1 d4 14. h3 d3 15. hxg4 dxc2 16. Qxd7+ Rxd7 17. Ne3 Nd3 18. Re2 Bc5 19. e6 fxe6 20. Nxc2 O-O 21. Be3 Bxe3 22. Rxe3 Nxb2 23. Rxe6 Rd6 24. Rae1 Na4 25. R6e3 g6 26. Nb4 Nd8 27. Ng5 a5 28. Nc2 Rd2 29. Nd4 b4 30. Re7 Nxc3 31. Ndf3 Rxa2 32. Nxh7 Rf7 33. Re8+ Kxh7 34. Rxd8 Re2 35. Rxe2 Nxe2+ 36. Kf1 Re7 37. Ra8 Nc3 0-1

[Event "North Bay op"]
[Site "North Bay"]
[Date "1996.??.??"]
[Round "?"]
[White "Wolff, Patrick G"]
[Black "Sagalchik, Gennadij"]
[Result "1-0"]
[WhiteElo "2580"]
[BlackElo "2525"]
[PlyCount "55"]
[EventDate "1996.08.??"]
[Source "www.chesslib.no"]
[SourceDate "2004.05.04"]

1. e4 e5 2. Nf3 Nc6 3. Bb5 a6 4. Ba4 Nf6 5. O-O Nxe4 6. d4 b5 7. Bb3 d5 8. dxe5 Be6 9. Nbd2 Nc5 10. c3 Bg4 11. Bc2 Qd7 12. Re1 Rd8 13. Nb3 Ne6 14. h3 Bh5 15. Bf5 Be7 16. a4 bxa4 17. Nbd4 Ncxd4 18. cxd4 a3 19. bxa3 c5 20. dxc5 Bxc5 21. Be3 Bxe3 22. Rxe3 O-O 23. Rc1 Bg6 24. Bxe6 fxe6 25. Nd4 Rf4 26. Rec3 Re8 27. Rc7 Qd8 28. Nxe6 1-0

[Event "Valle d'Aosta op 10th"]
[Site "Valle d'Aosta"]
[Date "2002.02.15"]
[Round "7"]
[White "Volokitin, Andrei"]
[Black "Flear, Glenn C"]
[Result "1-0"]
[WhiteElo "2586"]
[BlackElo "2511"]
[PlyCount "83"]
[EventDate "2002.02.09"]
[Source "ChessBase"]
[SourceDate "2002.03.14"]

1. e4 e5 2. Nf3 Nc6 3. Bb5 a6 4. Ba4 Nf6 5. O-O Nxe4 6. d4 b5 7. Bb3 d5 8. dxe5 Be6 9. Nbd2 Nc5 10. c3 Bg4 11. Bc2 Ne6 12. Re1 Bc5 13. Nb3 Ba7 14. a4 b4 15. Be3 bxc3 16. bxc3 Bxe3 17. Rxe3 Ne7 18. Nbd4 c5 19. Nxe6 fxe6 20. a5 Nf5 21. Ba4+ Kf7 22. Rd3 Nh4 23. c4 d4 24. h3 Bxf3 25. Rxf3+ Nxf3+ 26. Qxf3+ Kg6 27. Rb1 Rf8 28. Qg4+ Kh6 29. f4 g6 30. Rb7 Rf5 31. Rd7 Qf8 32. h4 Rf7 33. Qg5+ Kg7 34. Qf6+ Kg8 35. Qxe6 Kg7 36. Bc6 Rxd7 37. Qxd7+ Kh6 38. Bxa8 Qxa8 39. e6 Qe4 40. e7 Qe3+ 41. Kh2 Qxf4+ 42. Kh3 1-0

[Event "Muensterland op 19th"]
[Site "Senden"]
[Date "2002.10.14"]
[Round "5"]
[White "Berelovich, Aleksandar"]
[Black "Korneev, Oleg"]
[Result "1/2-1/2"]
[WhiteElo "2541"]
[BlackElo "2551"]
[PlyCount "45"]
[EventDate "2002.10.12"]
[Source "ChessBase"]
[SourceDate "2002.11.06"]

1. e4 e5 2. Nf3 Nc6 3. Bb5 a6 4. Ba4 Nf6 5. O-O Nxe4 6. d4 b5 7. Bb3 d5 8. dxe5 Be6 9. Nbd2 Nc5 10. c3 Be7 11. Bc2 Bg4 12. Re1 O-O 13. h3 Bh5 14. Nf1 Re8 15. Ng3 Bg6 16. Nd4 Nxd4 17. cxd4 Ne6 18. Be3 c5 19. Ne2 Rc8 20. Bxg6 hxg6 21. dxc5 Bxc5 22. Bxc5 Rxc5 23. Nd4 1/2-1/2

[Event "Open 2004"]
[Site "Navalmoral de la Mata"]
[Date "2004.12.07"]
[Round "6.1"]
[White "Delchev, Aleksander"]
[Black "Narciso Dublan, Marc"]
[Result "1-0"]
[WhiteElo "2601"]
[BlackElo "2487"]
[PlyCount "93"]
[EventDate "2004.12.04"]
[Source "Roberto Alvarez"]
[SourceDate "2004.12.13"]

1. e4 Nc6 2. Nf3 e5 3. Bb5 a6 4. Ba4 Nf6 5. O-O Nxe4 6. d4 b5 7. Bb3 d5 8. dxe5 Be6 9. Nbd2 Nc5 10. c3 Bg4 11. Bc2 Be7 12. Re1 O-O 13. Nb3 Ne6 14. Qd3 g6 15. Bh6 Re8 16. Qe3 a5 17. a4 Bxf3 18. Qxf3 bxa4 19. Nc1 Nc5 20. Nd3 Nxd3 21. Qxd3 Bg5 22. Bxa4 Nxe5 23. Qg3 Nf3+ 24. gxf3 Rxe1+ 25. Rxe1 Bxh6 26. Re8+ Qxe8 27. Bxe8 Rxe8 28. Qxc7 a4 29. f4 Bf8 30. Kf1 Re4 31. f5 d4 32. fxg6 hxg6 33. Qc4 dxc3 34. Qxe4 cxb2 35. Qb1 a3 36. Qa2 Kg7 37. Ke2 Bd6 38. h3 Kf6 39. Kd3 Bf4 40. Kc2 Bd6 41. Qd5 Bf8 42. Kb1 Kg7 43. f4 f6 44. Qd7+ Kh6 45. Qf7 Bg7 46. f5 gxf5 47. h4 1-0

[Event "Ubeda op 6th"]
[Site "Ubeda"]
[Date "2001.01.24"]
[Round "4"]
[White "Vokarev, Sergey"]
[Black "Golod, Vitali"]
[Result "1/2-1/2"]
[WhiteElo "2492"]
[BlackElo "2591"]
[PlyCount "56"]
[EventDate "2001.01.21"]
[Source "ChessBase"]
[SourceDate "2001.03.08"]

1. e4 e5 2. Nf3 Nc6 3. Bb5 a6 4. Ba4 Nf6 5. O-O Nxe4 6. d4 b5 7. Bb3 d5 8. dxe5 Be6 9. Nbd2 Nc5 10. c3 Bg4 11. Bc2 Qd7 12. Re1 Rd8 13. Nf1 Be7 14. Ng3 d4 15. h3 d3 16. hxg4 dxc2 17. Qxd7+ Rxd7 18. Nf5 Nd3 19. Re2 O-O 20. N5d4 Nxd4 21. cxd4 c5 22. Rd2 Nxc1 23. Rxc1 cxd4 24. Rcxc2 d3 25. Rc3 Rfd8 26. Rb3 Rd5 27. Kf1 h6 28. Ne1 Rxe5 1/2-1/2

[Event "Novi Sad (ol)"]
[Site "?"]
[Date "1990.??.??"]
[Round "?"]
[White "Chandler, M."]
[Black "Hjartarson, J."]
[Result "1/2-1/2"]
[WhiteElo "2560"]
[BlackElo "2520"]
[PlyCount "52"]
[EventDate "1990.??.??"]
[Source "ChessBase"]
[SourceDate "1990.07.01"]

1. e4 e5 2. Nf3 Nc6 3. Bb5 a6 4. Ba4 Nf6 5. O-O Nxe4 6. d4 b5 7. Bb3 d5 8. dxe5 Be6 9. Nbd2 Nc5 10. c3 Bg4 11. Bc2 Be7 12. Re1 Qd7 13. Nf1 Rd8 14. Ne3 Bh5 15. Bf5 Ne6 16. Nc2 O-O 17. a4 Rfe8 18. axb5 axb5 19. Qd3 Bg6 20. Bxg6 hxg6 21. Be3 b4 22. Red1 bxc3 23. bxc3 Bf8 24. Qf1 Ne7 25. Ncd4 Nxd4 26. cxd4 Nf5 1/2-1/2

[Event "Buenos Aires Najdorf"]
[Site "Buenos Aires"]
[Date "1996.??.??"]
[Round "8"]
[White "Zarnicki, Pablo"]
[Black "Slipak, Sergio"]
[Result "1/2-1/2"]
[WhiteElo "2545"]
[BlackElo "2535"]
[PlyCount "51"]
[EventDate "1996.04.??"]
[Source "ChessBase"]

1. e4 e5 2. Nf3 Nc6 3. Bb5 a6 4. Ba4 Nf6 5. O-O Nxe4 6. d4 b5 7. Bb3 d5 8. dxe5 Be6 9. Nbd2 Nc5 10. c3 Bg4 11. Bc2 Be7 12. Re1 Qd7 13. h3 Bh5 14. Nb3 Ne6 15. Bf5 Ncd8 16. Be3 Nb7 17. g4 Bg6 18. Nfd4 c5 19. Nxe6 fxe6 20. Bxg6+ hxg6 21. Qd3 O-O-O 22. Qxg6 Qc6 23. Nd2 Rxh3 24. Kg2 d4+ 25. Ne4 Rdh8 26. cxd4 1/2-1/2

[Event "FRA Team Ch"]
[Site "France"]
[Date "1990.??.??"]
[Round "?"]
[White "Sax, Gyula"]
[Black "Flear, Glenn C"]
[Result "1/2-1/2"]
[WhiteElo "2605"]
[BlackElo "2470"]
[PlyCount "75"]
[EventDate "1990.??.??"]
[Source "www.chesslib.no"]
[SourceDate "2004.05.04"]

1. e4 e5 2. Nf3 Nc6 3. Bb5 a6 4. Ba4 Nf6 5. O-O Nxe4 6. d4 b5 7. Bb3 d5 8. dxe5 Be6 9. Nbd2 Nc5 10. c3 Bg4 11. Bc2 Ne6 12. Re1 Bc5 13. Nb3 Bb6 14. a4 Ne7 15. axb5 axb5 16. Rxa8 Qxa8 17. Qd3 c6 18. Nfd4 Nxd4 19. Nxd4 Qc8 20. Bg5 h6 21. Bxe7 Kxe7 22. Qg3 Bxd4 23. cxd4 Kf8 24. h3 Be6 25. Ra1 g6 26. Ra7 Qb8 27. Ra3 Kg7 28. Rf3 h5 29. Rf6 Rh6 30. b4 Qa8 31. Qc3 h4 32. f4 Qa2 33. Kh2 Qc4 34. Qd2 Qa2 35. Qc1 Qc4 36. Qd2 Qa2 37. Qd1 Qc4 38. Qd2 1/2-1/2

[Event "Jakarta Gunadarma"]
[Site "Jakarta"]
[Date "1996.??.??"]
[Round "6"]
[White "Liu Dede"]
[Black "Sokolov, Ivan"]
[Result "1/2-1/2"]
[WhiteElo "2405"]
[BlackElo "2670"]
[PlyCount "128"]
[EventDate "1996.10.15"]
[Source "ChessBase"]

1. e4 e5 2. Nf3 Nc6 3. Bb5 a6 4. Ba4 Nf6 5. O-O Nxe4 6. d4 b5 7. Bb3 d5 8. dxe5 Be6 9. Nbd2 Nc5 10. c3 Bg4 11. Bc2 Qd7 12. Re1 Rd8 13. Nb3 Ne6 14. h3 Bh5 15. Bf5 Bg6 16. g4 Be7 17. Nfd4 Ncxd4 18. cxd4 O-O 19. Bd2 c5 20. dxc5 d4 21. Qf3 Qd5 22. Qxd5 Rxd5 23. c6 Rc8 24. Rac1 d3 25. Kg2 Bd8 26. Re4 Bb6 27. f4 Kf8 28. a4 Ke8 29. a5 Ba7 30. Kf3 Rc7 31. Be3 d2 32. Nxd2 Rd3 33. Ke2 Rxe3+ 34. Rxe3 Bxf5 35. gxf5 Nxf4+ 36. Kf3 Bxe3 37. Kxe3 Nd5+ 38. Ke4 Nb4 39. Nb3 Rxc6 40. Rxc6 Nxc6 41. Kd5 Ne7+ 42. Kc5 Nxf5 43. Kb6 Kd8 44. Kxa6 Kc7 45. Kxb5 g5 46. a6 h5 47. Nc5 Nd4+ 48. Kc4 Nc6 49. e6 fxe6 50. Nxe6+ Kb6 51. Nxg5 Kxa6 52. Kd5 Kb5 53. Ne4 Nb4+ 54. Kd4 Nc2+ 55. Ke5 Ne1 56. Kf5 Nd3 57. Kg5 Nxb2 58. Kxh5 Nd3 59. h4 Kc6 60. Kh6 Kd5 61. Ng3 Ke6 62. Kg5 Kf7 63. h5 Kg7 64. h6+ Kh7 1/2-1/2

[Event "Malaga op 3rd"]
[Site "Malaga"]
[Date "2000.02.27"]
[Round "3"]
[White "Rivas Pastor, Manuel"]
[Black "Korneev, Oleg"]
[Result "1/2-1/2"]
[WhiteElo "2453"]
[BlackElo "2619"]
[PlyCount "93"]
[EventDate "2000.02.25"]
[Source "ChessBase"]
[SourceDate "2000.03.10"]

1. e4 e5 2. Nf3 Nc6 3. Bb5 a6 4. Ba4 Nf6 5. O-O Nxe4 6. d4 b5 7. Bb3 d5 8. dxe5 Be6 9. c3 Be7 10. Nbd2 Nc5 11. Bc2 Bg4 12. Re1 O-O 13. Nb3 Re8 14. Nbd4 Nxd4 15. cxd4 Ne6 16. Be3 Bb4 17. Rf1 c5 18. a3 Ba5 19. dxc5 d4 20. Bd2 Bxf3 21. gxf3 Bxd2 22. Qxd2 Qh4 23. Kh1 Nxc5 24. Rae1 d3 25. Bxd3 Rad8 26. Re3 Re6 27. f4 Rh6 28. h3 Nxd3 29. Rxd3 Qxh3+ 30. Rxh3 Rxh3+ 31. Kg2 Rxd2 32. Kxh3 g6 33. Kg4 Rxb2 34. f5 f6 35. fxg6 hxg6 36. exf6 Kf7 37. Rc1 Re2 38. Rc6 Re6 39. Rxe6 Kxe6 40. Kg5 Kf7 41. f4 a5 42. f5 gxf5 43. Kxf5 a4 44. Ke5 b4 45. Kd4 b3 46. Kc3 Kxf6 47. Kb2 1/2-1/2

[Event "Ekaterinburg"]
[Site "?"]
[Date "1997.??.??"]
[Round "?"]
[White "Galkin, A."]
[Black "Sorokin, M."]
[Result "1-0"]
[WhiteElo "2510"]
[BlackElo "2560"]
[PlyCount "71"]
[EventDate "1997.??.??"]
[Source "ChessBase"]
[SourceDate "1997.02.01"]

1. e4 e5 2. Nf3 Nc6 3. Bb5 a6 4. Ba4 Nf6 5. O-O Nxe4 6. d4 b5 7. Bb3 d5 8. dxe5 Be6 9. Nbd2 Be7 10. c3 Nc5 11. Bc2 Bg4 12. Re1 Qd7 13. Nf1 Rd8 14. Ne3 Bh5 15. b4 Ne6 16. g4 Bg6 17. Nf5 O-O 18. a4 Rfe8 19. axb5 axb5 20. Bd3 Nb8 21. Be3 c5 22. bxc5 Bxc5 23. Qe2 Bxe3 24. Qxe3 Nc7 25. Ra7 Qc6 26. Nd6 Rf8 27. Nd4 Qc5 28. N4f5 Qxe3 29. Rxe3 Bxf5 30. gxf5 d4 31. cxd4 Nd5 32. Bxb5 Nxe3 33. fxe3 h5 34. Bc4 Rd7 35. Rxd7 Nxd7 36. Bxf7+ 1-0

[Event "St Petersburg-ch"]
[Site "St Petersburg"]
[Date "2002.04.19"]
[Round "4"]
[White "Ivanov, Sergey"]
[Black "Yemelin, Vasily"]
[Result "1/2-1/2"]
[WhiteElo "2546"]
[BlackElo "2522"]
[PlyCount "74"]
[EventDate "2002.04.16"]
[Source "ChessBase"]
[SourceDate "2002.08.12"]

1. e4 e5 2. Nf3 Nc6 3. Bb5 a6 4. Ba4 Nf6 5. O-O Nxe4 6. d4 b5 7. Bb3 d5 8. dxe5 Be6 9. Nbd2 Nc5 10. c3 Be7 11. Bc2 Bg4 12. Re1 O-O 13. Nf1 Re8 14. Bf4 Bf8 15. h3 Bh5 16. Ng3 Bg6 17. Nf5 Ne7 18. Bg5 Ne4 19. Bxe7 Bxe7 20. Nxe7+ Qxe7 21. Qxd5 Nxc3 22. Qd2 Na4 23. Bxa4 bxa4 24. Rac1 Rab8 25. Qa5 Rxb2 26. Rxc7 Qb4 27. Qxa6 Rb1 28. Rxb1 Qxb1+ 29. Kh2 Qxa2 30. Qc6 Rf8 31. Rc8 Bf5 32. Rxf8+ Kxf8 33. Nd4 Qxf2 34. Qc5+ Kg8 35. Qe7 Qf4+ 36. Kh1 Qf1+ 37. Kh2 Qf4+ 1/2-1/2

[Event "Haninge"]
[Site "Haninge"]
[Date "1988.??.??"]
[Round "?"]
[White "Chandler, Murray G"]
[Black "Wedberg, Tom"]
[Result "1-0"]
[WhiteElo "2590"]
[BlackElo "2475"]
[PlyCount "71"]
[EventDate "1988.05.??"]
[Source "ChessBase"]

1. e4 e5 2. Nf3 Nc6 3. Bb5 a6 4. Ba4 Nf6 5. O-O Nxe4 6. d4 b5 7. Bb3 d5 8. dxe5 Be6 9. Nbd2 Nc5 10. c3 Bg4 11. Bc2 Be7 12. Re1 O-O 13. Nb3 Ne6 14. Qd3 g6 15. Nfd4 Ncxd4 16. Nxd4 Nxd4 17. cxd4 c5 18. Qg3 Qd7 19. dxc5 Bxc5 20. Bg5 Rfe8 21. Bf6 Rac8 22. Bb3 Bf5 23. Rad1 d4 24. Qf4 d3 25. h3 Rc6 26. Qf3 Bb4 27. Re3 d2 28. a3 Be7 29. Rxd2 Rc1+ 30. Rd1 Rxd1+ 31. Qxd1 Qxd1+ 32. Bxd1 Bc5 33. Re2 Bd4 34. Rd2 Bc5 35. Bf3 Be7 36. Bc6 1-0

[Event "Open"]
[Site "Cappelle la Grande"]
[Date "2003.02.26"]
[Round "6"]
[White "Fercec, Nenad"]
[Black "Atalik, Suat"]
[Result "1/2-1/2"]
[WhiteElo "2484"]
[BlackElo "2581"]
[PlyCount "93"]
[EventDate "2003.02.22"]
[Source "Roberto Alvarez"]
[SourceDate "2003.03.03"]

1. e4 e5 2. Nf3 Nc6 3. Bb5 a6 4. Ba4 Nf6 5. O-O Nxe4 6. d4 b5 7. Bb3 d5 8. dxe5 Be6 9. Nbd2 Nc5 10. c3 Bg4 11. Bc2 Be7 12. Re1 O-O 13. Nb3 Ne6 14. Qd3 g6 15. Bh6 Re8 16. Rad1 Ng5 17. Bxg5 Bxg5 18. Nbd4 Nxd4 19. cxd4 Be7 20. h3 Be6 21. Qd2 c5 22. dxc5 Bxc5 23. Bb3 Ra7 24. Qh6 Bf8 25. Qf4 Rd7 26. Re2 a5 27. a4 Rb7 28. Red2 bxa4 29. Qxa4 Rb4 30. Qa2 Bh6 31. Rd4 Qb6 32. Rxb4 axb4 33. Bxd5 Rd8 34. Qb3 Rxd5 35. Rxd5 Qc7 36. g3 Bc1 37. Nd4 Bxd5 38. Qxd5 Bxb2 39. e6 Bxd4 40. exf7+ Qxf7 41. Qd8+ Qf8 42. Qd5+ Kg7 43. Qxd4+ Kg8 44. Qe4 Kg7 45. Qd4+ Kg8 46. Qe4 Kg7 47. Qd4+ 1/2-1/2

[Event "Latin Cup Final"]
[Site "Bogota COL"]
[Date "1991.??.??"]
[Round "4"]
[White "Rodriguez Cespedes, Amador"]
[Black "Milos, Gilberto"]
[Result "1/2-1/2"]
[WhiteElo "2530"]
[BlackElo "2530"]
[PlyCount "87"]
[EventDate "1991.??.??"]
[Source "www.chesslib.no"]
[SourceDate "2004.05.04"]

1. e4 e5 2. Nf3 Nc6 3. Bb5 a6 4. Ba4 Nf6 5. O-O Nxe4 6. d4 b5 7. Bb3 d5 8. dxe5 Be6 9. Nbd2 Nc5 10. c3 Bg4 11. Bc2 Be7 12. Re1 O-O 13. Nb3 Ne4 14. Bf4 f6 15. exf6 Nxf6 16. Qd3 Qd7 17. Ng5 g6 18. Nxh7 Kxh7 19. Qxg6+ Kh8 20. Re3 Bd6 21. Bxd6 cxd6 22. Rg3 Ne5 23. Qh6+ Nh7 24. f4 Qa7+ 25. Nd4 Bf5 26. Bxf5 Rxf5 27. fxe5 dxe5 28. Rg7 Qxg7 29. Qxg7+ Kxg7 30. Nxf5+ Kf6 31. Rf1 Ke6 32. Ng7+ Ke7 33. g4 Rg8 34. Nf5+ Ke6 35. h3 a5 36. a3 Nf6 37. Kf2 b4 38. cxb4 axb4 39. a4 Rc8 40. Kg2 d4 41. Ng7+ Ke7 42. Nf5+ Ke6 43. Ng7+ Ke7 44. Nf5+ 1/2-1/2